Political Parties in the Hellenic Parliament (Greece) - Statistics

General Stats
  • This quiz has been taken 101 times
  • The average score is 4 of 6
Answer Stats
Seats Political Position Party % Correct
86 Centre-left to Left-wing SYRIZA
96%
157 Centre-right New Democracy
80%
22 Centre-left Movement for Change
78%
15 Far-left Communist Party
74%
8 Left-wing MeRa25
41%
10 Far-right Greek Solution
40%
No matching quizzes found
Score Distribution
Percent of People with Each Score
Percentile by Number Answered
Your Score History
You have not taken this quiz